| 000 | 00421nam a2200169Ia 4500 | ||
|---|---|---|---|
| 008 | 230524s9999 xx 000 0 und d | ||
| 020 | _a9789327256390 | ||
| 082 |
_a631.5233 _bSIN |
||
| 100 | _aB.D. Singh | ||
| 245 | 0 | _aPlant Biotechnology | |
| 250 | _a1 | ||
| 260 |
_aNew Delhi _bKalyani Publishers _c2019 |
||
| 300 | _a"xxv,737p;" | ||
| 500 | _aQuantity Number: 1 | ||
| 650 |
_aBiotechnology _945093 |
||
| 942 | _cBK | ||
| 999 |
_c60665 _d60665 |
||